| 000 | 00576nam a2200205Ia 4500 | ||
|---|---|---|---|
| 005 | 20250923150056.0 | ||
| 008 | 008 250917s9999 xx 000 0 eng d | ||
| 037 | _aTextual | ||
| 040 |
_aDSWL _beng _cDSWL |
||
| 041 |
_aeng _2eng |
||
| 084 |
_aY15-4911, PO1 _qDSWL |
||
| 100 |
_aSingh, A.N. _9841954 |
||
| 245 | 0 |
_aWomen domestic workers: Socioceononic life _c by A.N.Singh |
|
| 260 |
_aDelhi _bShipra Publications _c2001 |
||
| 300 | _a144p. | ||
| 365 |
_aINR _b380 |
||
| 925 | _g380 | ||
| 942 |
_cTEXL _hY15-4911, PO1 |
||
| 999 |
_c1459284 _d1459284 |
||